|
|
|
|
| LEADER |
00700nam a22002172a 4500 |
| 001 |
001438185 |
| 003 |
CZ BrMZK |
| 005 |
20150615115349.0 |
| 007 |
ta |
| 008 |
061023s1933 gw er|||||||||||ger d |
| 040 |
|
|
|a BOA001
|b cze
|
| 100 |
1 |
|
|a Forer, Sarah
|4 dis
|
| 245 |
1 |
5 |
|a Eine Untersuchung zur Lese-Lern-Methode Decroly /
|c Sarah Forer
|
| 260 |
|
|
|a Berlin :
|b S. Forer,
|c 1933
|
| 300 |
|
|
|a s. 12-44
|
| 502 |
|
|
|a Disertace--Friedrich-Wilhelms-Universität Berlin, 1933
|
| 710 |
2 |
|
|a Friedrich-Wilhelms-Universität Berlin
|7 ko2004238874
|
| 910 |
|
|
|a BOA001
|b 2-0361.680
|
| 990 |
|
|
|a BK
|
| 991 |
|
|
|b 201411
|
| 996 |
7 |
|
|b 2618930513
|c 2-0361.680
|l MZK
|r Sklad / do 24 hodin
|n 0
|w 001473052
|u 000010
|a 1
|e BOA001
|j MZK50
|s A
|